BEyond The Templde: A Holisticm Approach To Pandhar"s 4 Assets Of Tourism (Record no. 366380)

MARC details
000 -LEADER
fixed length control field 00531nam a22001697a 4500
005 - DATE AND TIME OF LATEST TRANSACTION
control field 20250515151202.0
008 - FIXED-LENGTH DATA ELEMENTS--GENERAL INFORMATION
fixed length control field 250515b |||||||| |||| 00| 0 eng d
041 ## - LANGUAGE CODE
Language code of text/sound track or separate title eng
082 ## - DEWEY DECIMAL CLASSIFICATION NUMBER
Classification number 712
Item number JAG
100 ## - MAIN ENTRY--PERSONAL NAME
Author Jagatap Tejashri
245 ## - TITLE STATEMENT
Title BEyond The Templde: A Holisticm Approach To Pandhar"s 4 Assets Of Tourism
260 ## - PUBLICATION, DISTRIBUTION, ETC.
Place of publication, distribution, etc. Pune
Name of publisher, distributor, etc. BNCA M arch Landscape Architecture
Date of publication, distribution, etc. 2025
300 ## - PHYSICAL DESCRIPTION
Extent 149 Pages
Other physical details Pb
Dimensions 30 x 34
365 ## - TRADE PRICE
Price type code INR
Price amount 150.00
Currency code Rupaye
500 ## - GENERAL NOTE
Keywords BNCA M Arch Landscape Architecture Thesis
942 ## - ADDED ENTRY ELEMENTS (KOHA)
Koha item type Project Reports
Holdings
Withdrawn status Lost status Source of classification or shelving scheme Damaged status Not for loan Home library Current library Date acquired Vendor Net Price Bill number Total Checkouts Full call number Barcode Date last seen Actual Price Bill Date Koha item type
    Dewey Decimal Classification   Reference Dr. Bhanuben Nanavati College of Architecture Dr. Bhanuben Nanavati College of Architecture 15/05/2025 BNCA M Arch Landscape Architecture 150.00 00   712 JAG BNCA-PR-2304 15/05/2025 150.00 15/05/2025 Project Reports